MLB Team Home Run Leaders 2023 - Statistics

General Stats
  • This quiz has been taken 471 times
  • The average score is 69 of 154
Answer Stats
Answer % Correct
Matt Olson
89%
Ronald Acuna Jr.
89%
Aaron Judge
88%
Shohei Ohtani
86%
Mike Trout
85%
Yordan Alvarez
81%
Bryce Harper
78%
Rafael Devers
78%
Francisco Alvarez
77%
Pete Alonso
77%
Adley Rutschman
76%
Alex Bregman
75%
Bryan De La Cruz
75%
Josh Bell
75%
Kyle Schwarber
74%
Luis Robert
74%
Cody Bellinger
73%
Giancarlo Stanton
73%
Jose Ramirez
73%
Kyle Tucker
73%
Vladimir Guerrero Jr.
73%
Austin Riley
71%
Julio Rodriguez
71%
Ozzie Albies
71%
Marcell Ozuna
70%
Christian Yelich
69%
Gunnar Henderson
69%
Corey Seager
68%
Justin Turner
68%
Paul Goldschmidt
68%
Trea Turner
68%
Adolis Garcia
67%
Bo Bichette
67%
Nolan Arenado
67%
Bobby Witt
65%
Francisco Lindor
64%
Mookie Betts
62%
Anthony Santander
61%
Jorge Soler
61%
Juan Soto
60%
Salvador Perez
60%
Freddie Freeman
59%
Randy Arozarena
59%
Yandy Diaz
59%
Carlos Correa
58%
Elias Diaz
58%
Marcus Semien
58%
Yainer Diaz
58%
Dansby Swanson
56%
George Springer
54%
Ryan Mountcastle
54%
Fernando Tatis Jr.
53%
Nick Castellanos
53%
Spencer Torkelson
53%
Brandon Lowe
52%
Gleyber Torres
52%
Manny Machado
52%
Byron Buxton
51%
Christian Walker
51%
Jake Burger
51%
Jordan Walker
51%
Ketel Marte
51%
Brent Rooker
50%
Willson Contreras
50%
Bryan Reynolds
48%
Corbin Carroll
48%
J.T. Realmuto
48%
Jazz Chisholm Jr.
47%
Teoscar Hernández
47%
William Contreras
46%
J.P. Crawford
45%
Max Muncy
45%
Lane Thomas
44%
Alec Bohm
43%
Austin Hays
43%
Josh Naylor
43%
Anthony Volpe
42%
Bo Naylor
42%
Cal Raleigh
42%
Eugenio Suarez
42%
Ian Happ
42%
J.D. Martinez
42%
Willy Adames
42%
Patrick Wisdom
40%
Andrew McCutchen
39%
Eloy Jimenez
39%
Triston Casas
39%
Xander Bogaerts
39%
CJ Abrams
38%
Jonathan India
38%
Ke'Bryan Hayes
38%
Yoan Moncada
38%
Josh Jung
37%
Spencer Steer
37%
Chas McCormick
36%
Isaac Paredes
36%
Max Kepler
36%
Brandon Nimmo
35%
C.J. Cron
35%
Daulton Varsho
35%
Lourdes Gurriel Jr.
35%
Nolan Jones
35%
Rowdy Tellez
34%
Andres Gimenez
33%
Carlos Santana
33%
Keibert Ruiz
33%
Andrew Vaughn
32%
Christopher Morel
32%
DJ LeMahieu
32%
Hunter Renfroe
31%
Nolan Gorman
31%
Mastaka Yoshida
30%
Matt McLain
30%
Michael A. Taylor
30%
Riley Greene
30%
Gary Sanchez
28%
Jesus Sanchez
28%
Mike Yastrzemski
28%
J.D. Davis
27%
Adam Duvall
26%
Brandon Belt
26%
Brandon Drury
26%
Mitch Garver
25%
Evan Longoria
24%
Jeimer Candelario
24%
Joey Gallo
24%
James Outman
23%
Jose Siri
23%
Kerry Carpenter
23%
Ryan McMahon
23%
Shea Langeliers
23%
Jack Suwinski
22%
Seth Brown
22%
TJ Friedl
22%
MJ Melendez
21%
LaMonte Wade Jr.
20%
Wilmer Flores
20%
Joc Pederson
19%
Joey Meneses
19%
Akil Baddoo
18%
Garrett Cooper
18%
Daniel Vogelbach
17%
Jake Fraley
17%
Michael Conforto
17%
Ezequiel Tovar
16%
Luis Rengifo
16%
Ryan Noda
15%
Zack Gelof
14%
Jake Rogers
11%
Michael Massey
8%
Andy Ibanez
6%
Elehuris Montero
6%
Joey Wiemer
6%
Nelson Velazquez
5%
No matching quizzes found
Score Distribution
Percent of People with Each Score
Percentile by Number Answered
Your Score History
You have not taken this quiz